Every Ordnance Survey Explorer Map of Britain - Statistics

General Stats
  • This quiz has been taken 597 times
  • The average score is 122 of 403
Answers on the Map
Answers color-coded by a green-red scale on the quiz's map according to % correct below.
 
Answer Stats
No. Map % Correct
173 London North | The City, West End, Enfield, Ealing, Harrow & Watford |
95%
161 London South | Westminster, Greenwich, Croydon, Esher & Twickenham |
95%
342 Glasgow | Paisley, Rutherglen & Kirkintilloch |
92%
275 Liverpool | St Helens, Widnes & Runcorn |
91%
277 Manchester & Salford | Oldham, Rochdale & Stockport |
90%
155 Bristol & Bath | Keynsham & Marshfield |
89%
151 Cardiff & Bridgend | Vale of Glamorgan |
88%
350 Edinburgh | Musselburgh & Queensferry |
88%
258 Stoke-on-Trent & Newcastle-under-Lyme | Biddulph & Stone |
88%
154 Bristol West & Portishead | Congresbury & Chew Magna |
86%
174 Epping Forest & Lee Valley | Hertford & Harlow |
86%
220 Birmingham | Walsall, Solihull & Redditch |
85%
316 Newcastle-upon-Tyne | Gateshead, South Shields, Prudhoe, Ponteland, Cramlington & Whitley Bay |
85%
290 York | Selby & Tadcaster |
85%
185 Newcastle Emlyn | Llandysul & Cynwyl Elfed |
84%
289 Leeds | Harrogate, Wetherby & Pontefract |
83%
180 Oxford | Witney & Woodstock |
83%
416 Inverness, Loch Ness & Culloden | Fort Augustus & Drumnadrochit |
82%
406 Aberdeen & Banchory
81%
209 Cambridge | Royston, Duxford & Linton |
81%
OL22 New Forest | Southampton, Ringwood, Ferndown, Lymington, Christchurch & Bournemouth |
81%
OL29 Isle of Wight | Cowes, Newport, Ryde, Sandown, Shanklin, Yarmouth & Ventnor |
78%
237 Norwich | Wymondham, Attleborough & Watton |
78%
222 Rugby & Daventry | Southam & Lutterworth |
78%
165 Swansea | Neath & Port Talbot |
78%
260 Nottingham | Vale of Belvoir |
77%
OL11 Brighton & Hove | Lewes & Burgess Hill |
76%
278 Sheffield & Barnsley | Rotherham |
76%
138 Dover, Folkestone & Hythe
75%
108 Lower Tamar Valley & Plymouth | Tavistock & Callington |
74%
233 Leicester & Hinckley
72%
OL3 Meon Valley | Portsmouth, Gosport & Fareham |
72%
207 Newport Pagnell & Northampton South | Towcester & Olney |
72%
OL38 Loch Lomond South | Dumbarton, Helensburgh, Drymen & Cove |
71%
308 Durham & Sunderland | Chester-le-Street & Peterlee |
70%
293 Kingston-upon-Hull & Beverley
70%
286 Blackpool & Preston | Lytham St Anne's & Leyland |
68%
221 Coventry & Warwick | Royal Leamington Spa & Kenilworth |
67%
114 Exeter & The Exe Valley | Crediton, Tiverton & Dulverton |
67%
197 Ipswich, Felixstowe & Harwich | Woodbridge & Manningtree |
67%
380 Dundee & Sidlaw Hills
66%
179 Gloucester, Cheltenham & Stroud
66%
272 Lincoln | Sleaford, Metheringham & Navenby |
66%
467 Shetland | Mainland Central |
66%
468 Shetland | Mainland North East |
66%
469 Shetland | Mainland North West |
66%
466 Shetland | Mainland South |
66%
470 Shetland | Unst, Yell & Fetlar |
66%
266 Wirral & Chester
66%
259 Derby | Uttoxeter, Ashbourne & Cheadle |
64%
462 Orkney | Hoy, South Walls & Flotta |
62%
461 Orkney | Mainland East |
62%
463 Orkney | Mainland West |
62%
464 Orkney | Westray, Papa Westray, Rousay, Egilsay & Wyre |
62%
288 Bradford & Huddersfield | East Calderdale |
61%
102 Land's End | Penzance & St Ives |
61%
223 Northampton & Market Harborough | Brixworth & Pitsford Water |
61%
465 Orkney | Sanday, Eday, North Ronaldsay & Stronsay |
61%
159 Reading, Wokingham & Pangbourne
60%
296 Lancaster, Morecambe & Fleetwood
59%
219 Wolverhampton & Dudley | Stourbridge & Kidderminster |
59%
156 Chippenham & Bradford-on-Avon | Trowbridge & Melksham |
58%
OL15 Purbeck & South Dorset | Poole, Dorchester, Weymouth & Swanage |
58%
248 Bourne & Heckington | Billingborough & Morton |
57%
192 Buckingham & Milton Keynes | Leighton Buzzard & Woburn |
57%
204 Worcester & Droitwich Spa
57%
315 Carlisle | Brampton, Longtown & Gretna Green |
56%
105 Falmouth & Mevagissey | Truro & St Mawes |
56%
306 Middlesbrough & Hartlepool | Stockton-on-Tees & Redcar |
56%
369 Perth & Kinross | Ochil Hills East & Loch Leven |
56%
410 Skye | Portree & Bracadale |
56%
262 Anglesey West | Holyhead |
55%
411 Skye | Cuillin Hills |
55%
407 Skye | Dunvegan |
55%
412 Skye | Sleat |
55%
408 Skye | Trotternish & The Storr |
55%
287 West Pennine Moors | Blackburn, Darwen, Accrington & Bolton North |
55%
150 Canterbury & Isle of Thanet | Herne Bay, Deal & Whitstable |
54%
184 Colchester | Harwich & Clacton-on-Sea |
54%
320 Castle Douglas, Loch Ken & New Galloway | St John's Town of Dalry & Moniaive |
53%
189 Hereford & Ross-on-Wye
53%
193 Luton & Stevenage | Hitchin & Ampthill |
53%
152 Newport & Pontypool
53%
130 Salisbury & Stonehenge | Wilton & Market Lavington |
52%
263 Anglesey East | Beaumaris, Amlwch & Menai Bridge |
51%
256 Wrexham & Llangollen
51%
276 Bolton Central, Wigan & Warrington
50%
202 Leominster & Bromyard | Hereford North |
50%
169 Cirencester & Swindon | Fairford & Cricklade |
49%
175 Southend-on-Sea & Basildon | Brentwood & Billericay |
49%
176 Blackwater Estuary | Maldon, Burnham-on-Crouch & Southend-on-Sea |
48%
227 Peterborough | March, Whittlesey, Chatteris & Oundle |
47%
366 Stirling & Ochil Hills West | Alloa & Dunblane |
47%
OL6 The English Lakes | Coniston, Ulverston & Barrow-in-Furness |
47%
OL32 Winchester | New Alresford & East Meon |
47%
235 Wisbech & Peterborough North | Market Deeping & Crowland |
47%
285 Southport & Chorley | Wigan, Formby & Ormskirk |
46%
459 Lewis Central & Stornoway | Eye Peninsula & Callanish |
45%
OL40 The Broads | Wroxham, Beccles, Lowestoft & Great Yarmouth |
45%
OL4 The English Lakes | Keswick, Cockermouth & Wigton |
45%
OL17 Snowdon | Conwy Valley |
44%
OL7 The English Lakes | Windermere, Kendal & Silverdale |
44%
208 Bedford & St Neots | Sandy & Biggleswade |
43%
346 Berwick-upon-Tweed | Eyemouth, Duns, St Abb's Head & Cockburnspath |
43%
284 Grimsby, Cleethorpes & Immingham | Caistor & North Thoresby |
43%
OL5 The English Lakes | Penrith, Patterdale & Caldbeck |
43%
392 Ben Nevis & Fort William | The Mamores & The Grey Corries, Kinlochleven & Spean Bridge |
42%
313 Dumfries & Dalbeattie | New Abbey & Mabie Forest |
42%
321 Nithsdale & Dumfries | Thornhill |
42%
241 Shrewsbury | Wem, Shawbury & Baschurch |
42%
OL21 South Pennines | Burnley, Hebden Bridge, Keighley & Todmorden |
42%
261 Boston | Tattershall, Billinghay & Heckington |
41%
279 Doncaster | Conisbrough, Maltby & Thorne |
41%
351 Dunbar & North Berwick | Musselburgh & Haddington |
41%
101 Isles of Scilly
41%
371 St Andrews & East Fife | Cupar, Anstruther & Crail |
41%
326 Ayr & Troon | Girvan & Maybole |
40%
198 Cardigan & New Quay | Aberaeron |
40%
124 Hastings & Bexhill | Battle & Robertsbridge |
40%
458 Lewis West | Callanish & Great Bernera |
40%
118 Shaftesbury & Cranborne Chase | Poole, Wimborne Minster & Blandford Forum |
40%
103 The Lizard | Falmouth & Helston |
40%
226 Ely & Newmarket | Mildenhall & Soham |
39%
225 Huntingdon & St Ives | Grafham Water |
39%
460 Lewis North | St Kilda & Flannan Isles |
39%
457 Lewis South East | Loch Eireasort & Shiant Islands |
39%
250 Norfolk Coast West | King's Lynn & Hunstanton |
39%
OL20 South Devon | Brixham to Newton Ferrers |
39%
451 Thurso & John o'Groats | Dunnet Head |
39%
244 Cannock Chase & Chasewater | Stafford, Rugeley & Cannock |
38%
141 Cheddar Gorge & Mendip Hills West | Wells & Glastonbury |
38%
OL25 Eastbourne & Beachy Head | Newhaven, Seaford, Hailsham & Heathfield |
38%
OL9 Exmoor | Barnstaple, Lynton, Minehead & Dulverton |
38%
301 Scarborough, Bridlington & Flamborough Head
38%
205 Stratford-upon-Avon & Evesham | Alcester |
38%
236 King's Lynn, Downham Market & Swaffham
37%
228 March & Ely | Chatteris, Littleport, Welney & Denver Sluice |
37%
172 Chiltern Hills East | High Wycombe, Maidenhead & Rickmansworth |
36%
OL44 Torquay & Dawlish | Newton Abbot |
36%
183 Chelmsford & The Rodings | Maldon & Witham |
35%
OL8 Chichester | South Harting & Selsey |
35%
162 Greenwich & Gravesend | East End, Docklands, Bromley, Sidcup & Thurrock |
35%
148 Maidstone & The Medway Towns
35%
182 St Albans & Hatfield | Hemel Hempstead & Welwyn Garden City |
35%
OL45 The Cotswolds | Burford, Chipping Campden, Cirencester & Stow-on-the-Wold |
35%
213 Aberystwyth & Cwm Rheidol | Devil's Bridge |
34%
269 Chesterfield & Alfreton | Sutton-in-Ashfield & Bolsover |
34%
304 Darlington & Richmond | Egglescliffe & Gainford |
34%
106 Newquay & Padstow | Wadebridge, Port Isaac & St Columb Major |
34%
234 Rutland Water | Stamford & Oakham |
34%
160 Windsor, Weybridge & Bracknell
34%
317 Ballantrae, Barr & Barrhill
33%
349 Falkirk, Cumbernauld & Livingston | Linlithgow, Bathgate & Kilsyth |
33%
456 Harris North & Loch Seaforth
33%
455 Harris South | Taransay |
33%
128 Taunton & Blackdown Hills | Wellington & Ilminster |
33%
153 Weston-super-Mare & Bleadon Hill | Burnham-on-Sea & Clevedon |
33%
OL10 Arundel & Pulborough | Worthing & Bognor Regis |
32%
OL34 Crawley & Horsham | Cranleigh & Billingshurst |
32%
194 Hertford & Bishop's Stortford | Buntingford & Clavering |
32%
374 Isle of Mull North & Tobermory | Ulva, Staffa & Treshnish Isles |
32%
OL24 The Peak District | Buxton, Bakewell, Matlock & Dove Dale |
32%
145 Guildford & Farnham | Godalming & Farnborough |
31%
375 Isle of Mull East | Craignure |
31%
OL39 Loch Lomond North | Tyndrum, Crianlarich & Arrochar |
31%
139 Bideford, Ilfracombe & Barnstaple | Woolacombe & Lundy |
30%
211 Bury St Edmunds & Stowmarket | Debenham & Elmswell |
30%
OL28 Dartmoor
30%
OL35 North Pembrokeshire
30%
OL36 South Pembrokeshire
30%
129 Yeovil & Sherborne | Somerton & Wincanton |
30%
270 Sherwood Forest | Mansfield, Worksop & Edwinstowe |
29%
181 Chiltern Hills North | Aylesbury, Berkhamsted & Chesham |
28%
319 Galloway Forest Park South | Glen Trool, Clatteringshaws Loch & Newton Stewart |
28%
163 Gravesend & Rochester | Hoo Peninsula |
28%
399 Loch Arkaig | Fort William, Corpach, Gairlochy, Achnacarry & Kingie |
28%
251 Norfolk Coast Central | Wells-next-the-Sea & Fakenham |
28%
144 Basingstoke, Alton & Whitchurch | Odiham, Overton & Hook |
27%
318 Galloway Forest Park North | Glen Trool, Loch Doon & St John's Town of Dalry |
27%
361 Isle of Arran
27%
210 Newmarket & Haverhill | Barrow, Clare & Kedington |
27%
450 Wick & The Flow Country | Lybster, Latheron & Dunbeath |
27%
257 Crewe & Nantwich | Whitchurch & Tattenhall |
26%
367 Dunfermline, Kirkcaldy & Glenrothes South | Methil & Culross |
26%
242 Telford, Ironbridge & The Wrekin
26%
115 Exmouth & Sidmouth | Honiton |
25%
353 Islay North | Bridgend, Port Askaig & Port Charlotte |
25%
352 Islay South | Port Ellen, Bowmore & Bridgend |
25%
335 Lanark & Tinto Hills | Lesmahagow & Douglas |
25%
297 Lower Wharfedale & Washburn Valley | Harrogate & Ilkley Moor |
25%
359 Oban, Kerrera & Loch Melfort | The Garvellachs |
25%
376 Oban & North Lorn | Benderloch, Lismore & Loch Creran |
25%
274 Skegness, Alford & Spilsby | Chapel St Leonards & Wainfleet All Saints |
25%
OL1 The Peak District | Kinder Scout, Bleaklow, Black Hill & Ladybower Reservoir |
25%
281 Ancholme Valley | Barton-upon-Humber, Brigg, Scunthorpe & Kirton-in-Lindsey |
24%
137 Ashford | Headcorn, Chilham & Wye |
24%
373 Iona, Staffa & Ross of Mull
24%
280 Isle of Axholme | Scunthorpe & Gainsborough |
24%
232 Nuneaton & Tamworth | Lichfield & Atherstone |
24%
147 Sevenoaks & Tonbridge | Royal Tunbridge Wells & Westerham |
24%
264 Vale of Clwyd | Rhyl, Denbigh & Ruthin |
24%
OL58 Braemar, Tomintoul & Glen Avon | Beinn a' Bhuird & Ben Avon |
23%
224 Corby, Kettering & Wellingborough | Rockingham Forest |
22%
362 Cowal West & Isle of Bute | Rothesay |
22%
283 Louth & Mablethorpe | Sutton-on-Sea & North Somercotes |
22%
303 Whitehaven & Workington | Cockermouth & Egremont |
22%
OL13 Brecon Beacons National Park | Eastern area |
21%
OL12 Brecon Beacons National Park | Western area |
21%
OL43 Hadrian's Wall | Haltwhistle & Hexham |
21%
158 Newbury & Hungerford | Lambourn & Kintbury |
21%
252 Norfolk Coast East | Cromer & North Walsham |
21%
107 St Austell & Liskeard | Fowey, Looe & Lostwithiel |
21%
245 The National Forest | Burton-upon-Trent, Swadlincote, Ashby-de-la-Zouch & Coalville |
21%
268 Wilmslow, Macclesfield & Congleton | Altrincham, Knutsford & Sandbach |
21%
453 Benbecula & South Uist | Eriskay |
20%
OL57 Cairn Gorm & Aviemore | Loch Morlich |
20%
177 Carmarthen & Kidwelly | Pendine & Laugharne |
20%
171 Chiltern Hills West | Henley-on-Thames & Wallingford |
20%
370 Glenrothes North, Falkland & Lomond Hills | Auchtermuchty & Cupar |
20%
164 Gower | Llanelli |
20%
166 Rhondda & Merthyr Tydfil
20%
OL14 Wye Valley & Forest of Dean
20%
332 Alnwick & Amble | Craster & Whittingham |
19%
135 Ashdown Forest | Royal Tunbridge Wells, East Grinstead, Haywards Heath & Crowborough |
19%
191 Banbury, Bicester & Chipping Norton | Brackley |
19%
423 Elgin, Forres & Lossiemouth | Burghead & Findhorn |
19%
333 Kilmarnock & Irvine | Stewarton & Beith |
19%
201 Knighton & Presteigne | Kington & Hay-on-Wye |
19%
116 Lyme Regis & Bridport | Chard |
19%
454 North Uist & Berneray
19%
427 Peterhead & Fraserburgh
19%
125 Romney Marsh, Rye & Winchelsea | Tenterden & New Romney |
19%
323 Eskdale & Castle O'er Forest | Langholm, Canonbie & Gretna Green |
18%
356 Kintyre South | Campbeltown |
18%
OL31 North Pennines | Teesdale & Weardale |
18%
OL27 North York Moors | Eastern area |
18%
OL26 North York Moors | Western area |
18%
249 Spalding & Holbeach | Long Sutton & Kirton |
18%
OL30 Yorkshire Dales | Wensleydale & Swaledale |
18%
OL2 Yorkshire Dales | Whernside, Ingleborough & Pen-y-ghent |
18%
382 Arbroath, Montrose & Carnoustie | Laurencekirk |
17%
436 Beinn Dearg & Loch Fannich | Ullapool |
17%
111 Bude, Boscastle & Tintagel
17%
247 Grantham | Bottesford & Colsterworth |
17%
341 Greenock, Largs & Millport | Clyde Muirshiel Regional Park |
17%
136 High Weald | Royal Tunbridge Wells, Cranbrook, Hawkhurst & Bewl Water |
17%
340 Holy Island & Bamburgh | Wooler, Belford & Seahouses |
17%
246 Loughborough | Melton Mowbray & Syston |
17%
298 Nidderdale | Fountains Abbey, Ripon & Pateley Bridge |
17%
299 Ripon & Boroughbridge | Easingwold |
17%
397 Rùm, Eigg, Muck, Canna & Sanday
17%
309 Stranraer & The Rhins
17%
109 Bodmin Moor | Bodmin, Camelford & Liskeard |
16%
295 Bridlington, Driffield & Hornsea
16%
146 Dorking, Box Hill & Reigate | Leatherhead & Caterham |
16%
338 Galashiels, Selkirk & Melrose | St Boswells & Lauder |
16%
355 Jura & Scarba
16%
190 Malvern Hills & Bredon Hill | Tewkesbury, Ledbury, Pershore & Upton-upon-Severn |
16%
271 Newark-on-Trent | Retford, Southwell & Saxilby |
16%
240 Oswestry | Chirk, Ellesmere & Pant |
16%
104 Redruth & St Agnes | Camborne & Perranporth |
16%
142 Shepton Mallet & Mendip Hills East | Frome & Midsomer Norton |
16%
170 Vale of White Horse | Abingdon-on-Thames, Wantage, Wallingford & Faringdon |
16%
218 Wyre Forest & Kidderminster | Bridgnorth |
16%
126 Clovelly & Hartland | Bideford & Bradworthy |
15%
339 Kelso, Coldstream & Lower Tweed Valley
15%
157 Marlborough & Savernake Forest | Avebury & Devizes |
15%
343 Motherwell & Coatbridge | Whitburn & Carluke |
15%
422 Nairn & Cawdor | Darnaway Forest, Ardersier & Culloden Muir |
15%
215 Newtown & Machynlleth | Llanfair Caereinion |
15%
302 Northallerton & Thirsk | Catterick & Bedale |
15%
131 Romsey, Andover & Test Valley | Stockbridge & Ludgershall |
15%
216 Welshpool & Montgomery | Bishop's Castle |
15%
384 Glen Coe & Glen Etive | Ballachulish & Kinlochleven |
14%
OL18 Harlech, Porthmadog & Y Bala
14%
357 Kintyre North | Knapdale South, Isle of Gigha & Tarbert |
14%
254 Lleyn Peninsula East | Porthmadog, Pwllheli & Criccieth |
14%
400 Loch Lochy & Glen Roy | Spean Bridge, Invergarry & Fort Augustus |
14%
325 Morpeth & Blyth | Ashington & Longframlington |
14%
149 Sittingbourne & Faversham | Isle of Sheppey |
14%
229 Thetford Forest in The Brecks | Thetford & Brandon |
14%
322 Annandale | Annan, Lockerbie & Beattock |
13%
178 Llanelli & Ammanford | Kidwelly |
13%
214 Llanidloes & Newtown | Llyn Clywedog |
13%
140 Quantock Hills & Bridgwater
13%
385 Rannoch Moor & Ben Alder | Loch Rannoch |
13%
143 Warminster & Trowbridge | Westbury & Mere |
13%
452 Barra & Vatersay | Eriskay & Mingulay |
12%
OL50 Ben Alder, Loch Ericht & Loch Laggan | Dalwhinnie |
12%
195 Braintree & Saffron Walden | Halstead & Great Dunmow |
12%
OL41 Forest of Bowland & Ribblesdale | Pendle Hill, Clitheroe & Settle |
12%
253 Lleyn Peninsula West | Pwllheli, Abersoch & Aberdaron |
12%
203 Ludlow | Tenbury Wells & Cleobury Mortimer |
12%
337 Peebles & Innerleithen | Eddleston, Ettrickbridge, Traquair & Yarrow |
12%
OL49 Pitlochry & Loch Tummel | Aberfeldy, Kinloch Rannoch & Schiehallion |
12%
168 Stroud, Tetbury & Malmesbury
12%
426 Banff, Macduff & Turriff | Fyvie |
11%
432 Black Isle | Fortrose, Cromarty & Dingwall |
11%
265 Clwydian Range | Prestatyn, Mold & Ruthin |
11%
389 Forfar, Brechin & Edzell | Strathmore East |
11%
334 East Kilbride, Galston & Darvel | Loudoun Hill & Whitelee Forest |
10%
112 Launceston & Holsworthy | Roadford Lake |
10%
OL53 Lochnagar, Glen Muick & Glen Clova | Ballater & Balmoral |
10%
330 Moffat & St Mary's Loch | Megget Reservoir |
10%
231 Southwold & Bungay | Halesworth & Kessingland |
10%
OL16 The Cheviot Hills | Jedburgh & Wooler |
10%
212 Woodbridge & Saxmundham | Aldeburgh & Framlingham |
10%
OL48 Ben Lawers & Glen Lyon | Loch Tay, Killin & Kenmore |
9%
424 Buckie & Keith | Dufftown & Charlestown of Aberlour |
9%
372 Coll & Tiree
9%
230 Diss & Harleston | East Harling & Stanton |
9%
446 Durness & Cape Wrath | Kinlochbervie & Rhiconich |
9%
OL52 Glen Shee & Braemar | The Cairnwell & Glas Maol |
9%
OL33 Haslemere & Petersfield | Midhurst & Selborne |
9%
282 Lincolnshire Wolds North | Louth & Market Rasen |
9%
398 Loch Morar & Mallaig
9%
396 Stonehaven, Inverbervie & Laurencekirk | Howe of the Mearns |
9%
196 Sudbury, Hadleigh & Dedham Vale | Lavenham & Long Melford |
9%
331 Teviotdale South | Hawick |
9%
OL46 The Trossachs | Callander, Aberfoyle & Lochearnhead, Balquhidder & Strathyre |
9%
437 Ben Wyvis & Strathpeffer | Dingwall |
8%
OL23 Cadair Idris & Bala Lake
8%
438 Dornoch & Tain | Alness & Invergordon |
8%
379 Dunkeld, Aberfeldy & Glen Almond
8%
291 Goole & Gilberdyke | Holme-on-Spalding-Moor, Hemingbrough & Howden |
8%
312 Kirkcudbright & Castle Douglas | Gatehouse of Fleet |
8%
441 Lairg, Bonar Bridge & Golspie | Dornoch & Brora |
8%
113 Okehampton | Hatherleigh, North Tawton & Lapford |
8%
167 Thornbury, Dursley & Yate | Berkeley & Wotton-under-Edge |
8%
391 Ardgour & Strontian | Glenfinnan, Loch Eil & Loch Shiel |
7%
OL56 Badenoch & Upper Strathspey | Kingussie & Newtonmore |
7%
305 Bishop Auckland | Spennymoor, Newton Aycliffe, Sedgefield & Crook |
7%
188 Builth Wells | Painscastle & Talgarth |
7%
117 Cerne Abbas & Bere Regis | Blandford Forum & Beaminster |
7%
OL37 Cowal East | Dunoon & Inveraray |
7%
238 Dereham & Aylsham | Castle Acre & Reepham |
7%
421 Ellon & Inverurie | Oldmeldrum & Pitmedden |
7%
300 Howardian Hills & Malton | Yorkshire Wolds North |
7%
200 Llandrindod Wells & Elan Valley | Rhayader |
7%
344 Pentland Hills | Penicuik & West Linton |
7%
314 Solway Firth | Wigton & Silloth |
7%
311 Wigtown, Whithorn & The Machars
7%
390 Ardnamurchan | Moidart, Sunart & Loch Shiel |
6%
434 Gairloch & Loch Ewe
6%
428 Kyle of Lochalsh, Plockton & Applecross
6%
199 Lampeter | Tregaron & Llan-non |
6%
255 Llangollen & Berwyn | Ceiriog Valley |
6%
433 Torridon, Beinn Eighe & Liathach | Loch Maree, Kinlochewe & Gairloch |
6%
336 Biggar & Broughton | Culter Fell & Dollar Law |
5%
381 Blairgowrie, Kirriemuir & Glamis | Strathmore West |
5%
414 Glen Shiel & Kintail Forest | Shiel Bridge, Morvich, Killilan & Kinloch Hourn |
5%
OL19 Howgill Fells & Upper Eden Valley
5%
425 Huntly & Cullen | Portsoy & Aberchirder |
5%
OL42 Kielder Water & Forest | Bellingham & Simonside Hills |
5%
413 Knoydart, Loch Hourn & Loch Duich | Kyle of Lochalsh |
5%
345 Lammermuir Hills | Dalkeith, Bonnyrigg & Gifford |
5%
273 Lincolnshire Wolds South | Horncastle & Woodhall Spa |
5%
267 Northwich & Delamere Forest | Winsford & Middlewich |
5%
127 South Molton & Chulmleigh | Kings Nympton, Chittlehampton & Dolton |
5%
442 Assynt & Lochinver | Kylesku & Inchnadamph |
4%
447 Ben Hope, Ben Loyal & Kyle of Tongue
4%
354 Colonsay & Oronsay
4%
OL47 Crieff, Comrie & Glen Artney | Strathearn & Auchterarder |
4%
OL54 Glen Esk & Glen Tanar | Aboyne & Mount Keen |
4%
187 Llandovery | Llanwrtyd Wells & Llyn Brianne |
4%
360 Loch Awe & Inveraray | Dalmally, Dalavich & Furnace |
4%
377 Loch Etive & Glen Orchy | Dalmally, Tyndrum, Bridge of Orchy & Taynuilt |
4%
OL60 Lochindorb, Grantown-on-Spey & Carrbridge
4%
OL59 Aboyne, Alford & Strathdon
3%
348 Campsie Fells | Kilsyth, Strathblane & Fintry |
3%
307 Consett & Derwent Reservoir | Stanhope |
3%
327 Cumnock & Dalmellington | Mauchline & Patna |
3%
445 Foinaven, Arkle, Kylesku & Scourie
3%
415 Glen Affric & Glen Moriston | Cannich |
3%
OL61 Grantown-on-Spey & Hills of Cromdale | Upper Knockando & Tomnavoulin |
3%
444 Helmsdale & Strath of Kildonan
3%
186 Llandeilo & Brechfa Forest | Llanybydder |
3%
358 Lochgilphead & Knapdale North | Kilmartin |
3%
430 Loch Monar, Glen Cannich & Glen Strathfarrar
3%
329 Lowther Hills, Sanquhar & Leadhills | Wanlockhead & Crawford |
3%
294 Market Weighton & Yorkshire Wolds Central | Pocklington |
3%
409 Raasay, Rona & Scalpay
3%
328 Sanquhar & New Cumnock | Muirkirk & Moniaive |
3%
448 Strath Naver & Loch Loyal | Bettyhill |
3%
217 The Long Mynd & Wenlock Edge | Church Stretton & Craven Arms |
3%
292 Withernsea & Spurn Head
3%
435 An Teallach & Slioch | Kinlochewe & Achnasheen |
2%
OL51 Atholl | Glen Tilt, Beinn Dearg & Carn nan Gabhar |
2%
OL62 Correen Hills & Glenlivet | Bennachie, Ladder Hills, Insch & Rhynie |
2%
429 Glen Carron & West Monar | Strathcarron & Attadale Forest |
2%
440 Glen Cassley & Glen Oykel
2%
310 Glenluce & Kirkcowan
2%
431 Glen Urquhart & Strathglass | Drumnadrochit & Muir of Ord |
2%
239 Lake Vyrnwy & Llanfyllin | Tanat Valley |
2%
OL55 Loch Laggan & Creag Meagaidh | Corrieyairack Pass |
2%
243 Market Drayton | Loggerheads & Eccleshall |
2%
383 Morvern & Lochaline | Kingairloch |
2%
449 Strath Halladale & Strathy Point | Melvich & Forsinard |
2%
443 Ben Klibreck & Ben Armine
1%
439 Coigach & Summer Isles | Inverpolly |
1%
206 Edge Hill & Fenny Compton | Badby, Kineton & Middle Tysoe |
1%
324 Liddesdale & Kershope Forest | Newcastleton & Canonbie |
1%
417 Monadhliath Mountains North & Strathdearn
1%
No matching quizzes found
Score Distribution
Percent of People with Each Score
Percentile by Number Answered
Your Score History
You have not taken this quiz